LEADER 01498nam 2200385 n 450 001 996392950003316 005 20221108002757.0 035 $a(CKB)1000000000686432 035 $a(EEBO)2240917393 035 $a(UnM)99844702 035 $a(EXLCZ)991000000000686432 100 $a19910906d1547 uy | 101 0 $aeng 135 $aurbn||||a|bb| 200 04$aThe lattre examinacyon of Anne Askewe$b[electronic resource] $elatelye martyred in Smythfelde, by the wycked Synagoge of Antichrist, with the Elucydacyon of Iohan Bale 210 $a[Imprented at Marpurg in the lande of Hessen [i.e. Wesel $cPrinted by D. van der Straten]$d16, die Ianuarij, anno 1. 5. 4. 7.] [1547] 215 $a70, [1] leaves 300 $aImprint from colophon. 300 $aThe imprint is false; actual publication information from STC. 300 $aPrinted vertically on right side of title page next to illustration: Anne Askewe stode fast by thys veryte of God to the ende. 300 $aWith an index. 300 $aReproduction of the original in the British Library. 330 $aeebo-0018 606 $aProtestants$zEngland$vEarly works to 1800 615 0$aProtestants 700 $aAskew$b Anne$f1521-1546.$01004722 701 $aBale$b John$f1495-1563.$0423976 801 0$bCu-RivES 801 1$bCu-RivES 801 2$bCStRLIN 801 2$bWaOLN 906 $aBOOK 912 $a996392950003316 996 $aThe lattre examinacyon of Anne Askewe$92406869 997 $aUNISA LEADER 01190nam a2200325 i 4500 001 991001409089707536 005 20020507192934.0 008 950215s1978 de ||| | eng 020 $a0387078851 035 $ab10843589-39ule_inst 035 $aLE01311837$9ExL 040 $aDip.to Matematica$beng 082 0 $a003 084 $aAMS 82C 084 $aQ295 100 1 $aHaken, Hermann$017714 245 10$aSynergetics :$ban introduction, nonequilibrium phase transitions and self-organization in physics, chemistry and biology /$cHermann Haken 250 $a2nd enl. ed 260 $aBerlin ; New York :$bSpringer-Verlag,$c1978 300 $axiii, 355 p. :$bill. ;$c25 cm. 490 0 $aSpringer series in synergetics ;$v1 500 $aIncludes bibliographical references and index 650 4$aSystems theory 650 4$aTime-dependent statistical mechanics 907 $a.b10843589$b23-02-17$c28-06-02 912 $a991001409089707536 945 $aLE013 82C HAK11 (1978)$g1$i2013000021058$lle013$o-$pE0.00$q-$rl$s- $t0$u0$v0$w0$x0$y.i10953784$z28-06-02 996 $aSynergetics$9124876 997 $aUNISALENTO 998 $ale013$b01-01-95$cm$da $e-$feng$gde $h0$i1